Normal view
MARC view
Entry Topical Term
001 - CONTROL NUMBER
- control field: 98915
003 - CONTROL NUMBER IDENTIFIER
- control field: NUST
005 - DATE AND TIME OF LATEST TRANSACTION
- control field: 20220913101029.0
008 - FIXED-LENGTH DATA ELEMENTS
- fixed length control field: 220913|| aca||aabn | a|a d
040 ## - CATALOGING SOURCE
- Original cataloging agency: NUST
- Transcribing agency: NUST
150 ## - HEADING--TOPICAL TERM
- Chronological subdivision: 20th century
670 ## - SOURCE DATA FOUND
- Source citation: Work cat.: (NUST)0: Peale, Norman Vincent, 98914, Reaching your potential , 2016
